Normal view MARC view

Entry Meeting Name

Number of records used in: 1

001 - CONTROL NUMBER

  • control field: 13185

003 - CONTROL NUMBER IDENTIFIER

  • control field: OSt

005 - DATE AND TIME OF LATEST TRANSACTION

  • control field: 20211105133635.0

008 - FIXED-LENGTH DATA ELEMENTS

  • fixed length control field: 211105|| aca||aabn | a|a d

040 ## - CATALOGING SOURCE

  • Original cataloging agency: OSt
  • Transcribing agency: OSt

111 ## - HEADING--MEETING NAME

  • Meeting name or jurisdiction name as entry element: Colloquium of the International Astronomical Union
  • Location of meeting: Greece
  • Date of meeting or treaty signing: 1982 Aug. 30- Sept. 2

670 ## - SOURCE DATA FOUND

  • Source citation: Work cat.: (OSt): Colloquium of the International Astronomical Union Greece 1982 Aug. 30- Sept. 2, Dynamical trapping and evolution in the solar system, 1983

Powered by Koha